Xibalba a Zajida to rozbalili Domino pre vojnou trpiace deti

Bibliographic Details
Main Author: pan (Author)
Corporate Authors: Xibalba (hudobná skupina) (Author), Zajida (hudobná skupina) (Author)
Format: Article
Language:Slovak
Subjects:

MARC

LEADER 00000nab a2200000 a 4500
001 vtls000901211
003 SK-MaSNL
005 20260304201216.0
008 040720e19990624xo 0 slo
035 |a KE10195 
040 |a KEVKJB  |b slo  |c KEVKJB  |e AACR2 
041 0 |a slo 
044 |a xo  |c SK 
080 |a 784.66  |2 1981 
100 0 |a pan  |4 aut  |9 827435 
245 1 0 |a Xibalba a Zajida to rozbalili  |b Domino pre vojnou trpiace deti 
610 2 7 |a Xibalba (hudobná skupina)  |2 KEVKJB  |9 30050 
610 2 7 |a Zajida (hudobná skupina)  |2 KEVKJB  |9 30280 
650 0 7 |a populárna hudba  |2 KEVKJB  |9 3428 
650 0 7 |a hudobné skupiny  |2 KEVKJB  |9 3429 
650 0 7 |a informácie  |2 KEVKJB  |9 1285 
651 7 |a Košice (Slovensko)  |2 KEVKJB  |9 18694 
651 7 |a KE,  |2 KEVKJB  |9 877256 
655 7 |a periodikum  |2 snkbucl  |9 29553 
710 2 |a Xibalba (hudobná skupina)  |4 aut  |9 30050 
710 2 |a Zajida (hudobná skupina)  |4 aut  |9 30280 
773 0 8 |t Košický večer  |g Roč. 10  |g Roč. 31, č.121, 24.6.1999, s. 6 
852 |a ZVYKNI  |b KIS3GCP 
999 |c 3093821  |d 3095751